ՀՀ Գիտությունների ազգային ակադեմիայի հիմնարար գիտական գրադարան  =   Fundamental Scientific Library of NAS RA

Жизнь и приключения Андрея Болотова : (Record no. 152832)

MARC details
000 -LEADER
fixed length control field 01201nam a2200217 u 4500
001 - CONTROL NUMBER
control field 000402936
003 - CONTROL NUMBER IDENTIFIER
control field AM-YeHGA
005 - DATE AND TIME OF LATEST TRANSACTION
control field 20250617132533.0
008 - FIXED-LENGTH DATA ELEMENTS--GENERAL INFORMATION
fixed length control field 050115s2000 ||| r 000 0 rus d
040 ## - CATALOGING SOURCE
Original cataloging agency AM-YeHGA
041 0# - LANGUAGE CODE
Language code of text/sound track or separate title rus
090 ## - LOCALLY ASSIGNED LC-TYPE CALL NUMBER (OCLC); LOCAL CALL NUMBER (RLIN)
-- 154228
245 00 - TITLE STATEMENT
Title Жизнь и приключения Андрея Болотова :
Remainder of title Описанные самим им для своих потомков /
Statement of responsibility, etc. Вступ. ст. С.М. Ронского; Коммент. П.А. Жаткина.
260 ## - PUBLICATION, DISTRIBUTION, ETC.
Place of publication, distribution, etc. Москва ;
-- Ленинград :
Name of publisher, distributor, etc. Academia.
300 ## - PHYSICAL DESCRIPTION
Extent т.
490 1# - SERIES STATEMENT
Series statement Памятники литературного и общественного быта. Жизнь и приключения Андрея Болотова : 1738-1795 / Под общ. ред. и с предисл. А.В. Луначарского
505 1# - FORMATTED CONTENTS NOTE
Miscellaneous information Т. 1 (1931, 539 с.) :
Title 1738-1759 ;
Miscellaneous information Т. 2 (1931, 535 с.) :
Title 1760-1771 ;
Miscellaneous information Т. 3 (1931, 607 с.) :
Title 1771-1795
700 1# - ADDED ENTRY--PERSONAL NAME
Personal name Ронский, С.М.
Relator term авт. вступ. ст.
Relationship aui
700 1# - ADDED ENTRY--PERSONAL NAME
Personal name Жаткин, П.А.
Relator term авт. коммент.
Relationship cmm
830 #0 - SERIES ADDED ENTRY--UNIFORM TITLE
Uniform title Памятники литературного и общественного быта
Holdings
Withdrawn status Lost status Damaged status Not for loan Collection Home library Current library Date acquired Serial enumeration / chronology Total checkouts Full call number Barcode Date last seen Price effective from Koha item type Public note
        General Fundamental Scientific Library Fundamental Scientific Library 28/12/2016 T. 1   882 110051549 28/12/2016 28/12/2016 Գրքեր / Books Two weeks Loan
        General Fundamental Scientific Library Fundamental Scientific Library 28/12/2016 T. 2   882 110051550 28/12/2016 28/12/2016 Գրքեր / Books Two weeks Loan
        General Fundamental Scientific Library Fundamental Scientific Library 28/12/2016 T. 3   882 110051565 28/12/2016 28/12/2016 Գրքեր / Books Two weeks Loan


ՀՀ ԳԱԱ հիմնարար գիտական գրադարան
ՀՀ,Երևան 0019
Մարշալ Բաղրամյան 24/6
հեռախոս:(374-10) 52-47-50
Հետադարձ կապ

All site content, except where otherwise noted, is licensed under a
Creative Commons License